Les guerres du climat / (Record no. 8768)

MARC details
000 -LEADER
fixed length control field 01039nam a22002177a 4500
001 - CONTROL NUMBER
control field 8768
003 - CONTROL NUMBER IDENTIFIER
control field FISKH
005 - DATE AND TIME OF LATEST TRANSACTION
control field 20251020083307.0
008 - FIXED-LENGTH DATA ELEMENTS--GENERAL INFORMATION
fixed length control field 251020b cb ||||| |||| 00| 0 eng d
020 ## - INTERNATIONAL STANDARD BOOK NUMBER
International Standard Book Number 9782070448104
040 ## - CATALOGING SOURCE
Original cataloging agency FISKH
Language of cataloging fre
Transcribing agency FISKH
Modifying agency FISKH
082 ## - DEWEY DECIMAL CLASSIFICATION NUMBER
Classification number 363.7
100 ## - MAIN ENTRY--PERSONAL NAME
Personal name Welzer, Harald
245 ## - TITLE STATEMENT
Title Les guerres du climat /
260 ## - PUBLICATION, DISTRIBUTION, ETC.
Place of publication, distribution, etc. Paris :
Name of publisher, distributor, etc. Gallimard,
Date of publication, distribution, etc. 2012.
300 ## - PHYSICAL DESCRIPTION
Extent 443 pages :
Dimensions 18 cm
520 ## - SUMMARY, ETC.
Summary, etc. The book explores how climate change, depletion of natural resources, and environmental degradation are becoming major drivers of conflicts and violence in the 21st century. Harald Welzer analyzes the dynamics of resource scarcity, mass migrations, struggles over water and land, and how these ecological pressures intertwine with warfare and organized violence. He urges readers to rethink global security, politics, and collective responsibility in the age of the climate crisis.
650 ## - SUBJECT ADDED ENTRY--TOPICAL TERM
Topical term or geographic name entry element Climate Change
Form subdivision Environmental Crisis
General subdivision Resource Scarcity
942 ## - ADDED ENTRY ELEMENTS (KOHA)
Source of classification or shelving scheme Dewey Decimal Classification
Koha item type Books
Suppress in OPAC No
Holdings
Withdrawn status Lost status Source of classification or shelving scheme Damaged status Not for loan Collection Home library Current library Shelving location Date acquired Total Checkouts Full call number Barcode Date last seen Copy number Price effective from Koha item type
    Dewey Decimal Classification     Non-Fiction Footprints International School Library Network Toul Kork Campus Footprints International School Library Network Toul Kork Campus A TK Campus, 4th Floor, Room B401, Fiction Bookcases (1-6) 10/20/2025   WEL 363.7 2025-4655 10/20/2025 1 10/20/2025 Books